000 00605nam a2200241Ia 4500
003 OSt
005 20220924142247.0
006 a|||||r|||| 00| 0
007 ta
008 220923b |||||||| |||| 00| 0 ben d
020 _a8185971218 (hbk)
024 _a301127
037 _cTextual
040 _aARTS
_cARTS
_bben
041 _2ben
_aben
082 _aYXxM80w, 157N6
100 _aMahmud Shamsur Nahar
_9213100
245 0 _aRokea jibani
260 _c1996
650 _aSOCIOLOGY
942 _hYXxM80w, 157N6
_cTEXL
_2CC
999 _c449990
_d449990